Lanean...
Leaders talk leadership: top executives speak their minds
| Egile nagusia: | |
|---|---|
| Beste egile batzuk: | |
| Formatua: | Printed Book |
| Argitaratua: |
New Delhi
Oxford University Press
2002.
|
| Gaiak: |
| LEADER | 00558cam a2200181ua 4500 | ||
|---|---|---|---|
| 020 | |a 0-19-515283-2 | ||
| 082 | |a 658.4 |b ASH/L | ||
| 100 | |a Ashby, Meredith D | ||
| 245 | 1 | 0 | |a Leaders talk leadership: top executives speak their minds |
| 260 | |a New Delhi |b Oxford University Press |c 2002. | ||
| 300 | |a 255p. | ||
| 500 | |a Includes index. | ||
| 650 | |a Management | ||
| 650 | 0 | |a Leadership | |
| 700 | |a Miles Stephen | ||
| 942 | |c BK | ||
| 999 | |c 6585 |d 6585 | ||
| 952 | |0 0 |1 0 |4 0 |6 658_400000000000000_ASHL |7 0 |9 6919 |a KUCL |b KUCL |d 2014-05-23 |l 0 |o 658.4 ASH/L |p 17772 |r 2014-05-23 |y BK | ||